000 00902nam a2200217Ii 4500
003 JO-AjNU
008 230605s9999||||xx |||||||||||||| ||und||
020 _a2-7451-2211-8
040 _aJO-AjNU
_bara
_erda
_cJO-AjNU
041 _aara
050 1 4 _aPJ6620 .M85 2007
100 3 _aتأليف الزبيدي، محمد مرتضى بن محمد الحسيني ؛ عبد المنعم خليل إبراهيم ، كريم سيد محمد محمود/اعتنوا به ووضعوا حواشية,
_eauthor
_911498
245 0 0 _aتاج العروس من جواهر القاموس
250 _aالطبعة الأولى 2007
264 3 1 _aبيروت: دار الكتب العلمية، 2007
300 _aمج13(25-26)ج25، 283ص
336 _atext
_btxt
_2rdacontent
337 _aunmediated
_bn
_2rdamedia
338 _avolume
_bnc
_2rdacarrier
650 4 _aاللغة العربية -- معاجم
_911499
999 _aA2356
_c5924
_d5924